Geometry Dash General Knowledge - Statistics

General Stats
  • This quiz has been taken 255 times
    95 since last reset
  • The average score is 7 of 15
Answer Stats
Question Answer % Correct
Who caused the biggest hacking scandal in GD history? SpaceUK
94%
Who started the Nine Circles trend in update 1.9? Zobros
90%
Which level does Riot have no association with? Avernus
69%
Everyone knows about Npesta's Kenos verification, but what did he verify before that? Deimos
63%
Who won best youtuber in the GD10 awards? Ericvanwilderman
49%
Which GD content creator hosts Daily Dose of Geometry Dash? Vit12
47%
What level caused the creation of the Extended List by getting pushed off the Main List? Bloodbath
45%
What is currently the hardest demon beaten for the 12 Demons of Christmas hosted by Ericvanwilderman? Arcturus completed by Doggie
43%
How many months did 2.2 take to release? 83
39%
Which of the following was created by Trusta? Geometry Dash Demon Progression
37%
Who was the first player to reach 100,000 stars? Michigun
33%
After 2.2, a few minor updates were released consecutively. Which version number was skipped? (only applies to steam) 2.202
27%
What was the Hardest Demon on January 1st 2018? Sonic Wave
27%
What level was given the first Weekly Demon in 2017? Kitty by F3lixram
25%
Which player has the highest Star to Demon ratio? Zeronium
20%
No matching quizzes found
Score Distribution
Percent of People with Each Score
Percentile by Number Answered
Your Score History
You have not taken this quiz since the last reset